000 00526nam a22001817a 4500
003 OSt
005 20140310181752.0
008 130628t xxu||||| |||| 00| 0 eng d
020 _a9812448926
050 _aQA 135.5
_b.C475 2005
082 _aFIL 510
_bSco8 2005
100 _aCharles, Randall I.
245 _aScott Foresman-Addison Wesley Math :
_cRandall I. Charles ...[et al.].
_bgrade 6 /
260 _aSingapore :
_bPearson,
_c2005.
300 _axi. 652 p. ;
_bill. col. ;
_c26 cm.
562 _e1
942 _2lcc
_cBK
999 _c3291
_d3291